Computer-aided multivariate analysis / (Record no. 175409)

000 -LEADER
fixed length control field 01286 a2200217 4500
003 - CONTROL NUMBER IDENTIFIER
control field Nust
005 - DATE AND TIME OF LATEST TRANSACTION
control field 20170207152503.0
010 ## - LIBRARY OF CONGRESS CONTROL NUMBER
LC control number 96083484
020 ## - INTERNATIONAL STANDARD BOOK NUMBER
International Standard Book Number 041273060X (acid-free paper)
040 ## - CATALOGING SOURCE
Transcribing agency Nust
082 00 - DEWEY DECIMAL CLASSIFICATION NUMBER
Classification number 519.535
100 1# - MAIN ENTRY--PERSONAL NAME
Personal name Afifi, A. A.
245 10 - TITLE STATEMENT
Title Computer-aided multivariate analysis /
Statement of responsibility, etc. A.A. Afifi and V. Clark.
250 ## - EDITION STATEMENT
Edition statement 1st CRC Press reprint.
260 ## - PUBLICATION, DISTRIBUTION, ETC.
Place of publication, distribution, etc. Boca Raton :
Name of publisher, distributor, etc. Chapman & Hall/CRC,
Date of publication, distribution, etc. 1999.
300 ## - PHYSICAL DESCRIPTION
Extent xxi, 455 p. :
Other physical details ill. ;
Dimensions 24 cm.
505 ## - FORMATTED CONTENTS NOTE
Formatted contents note SpWhat is Multivariate anaysis Page 1, Characterizing data for Future analysis Page 12, Preparing for data Analysis Page 21, Data Screeing and Data Transfomation Page 48, Selecting Appropriate Analysis Page 71, Simple Linear Regression and Correletion Page 85, Multiple Regression and Correlation Page 124, Variable Selection in Regression Analysis Page 166, ecial Regression Topics Page 197, Canonical Correlation Analysis Page 227, Discriminant Analysis Page 243, Logistic Regression Page 281,Regression Analysis Using Survial Data Page 306, Principles Components Analysis Page 330, Factor Analysis Page 354, Cluster Analysis Page 381, Long Linear Analysis Page 410,
538 ## - SYSTEM DETAILS NOTE
System details note Almirah No.23 Shelf No.4
650 #0 - SUBJECT ADDED ENTRY--TOPICAL TERM
Topical term or geographic name entry element Multivariate analysis
General subdivision Data processing.
700 1# - ADDED ENTRY--PERSONAL NAME
Personal name Clark, Virginia,
Dates associated with a name 1928-
942 ## - ADDED ENTRY ELEMENTS (KOHA)
Koha item type Reference
Holdings
Withdrawn status Lost status Source of classification or shelving scheme Damaged status Not for loan Permanent Location Current Location Shelving location Date acquired Full call number Barcode Date last seen Price effective from Koha item type Public note
          Military College of Signals (MCS) Military College of Signals (MCS) General Stacks 12/12/2016 519.535,AFI MCS27177 12/08/2016 12/12/2016 Book Almirah No. 14 Shelf No. 6
© 2023 Central Library, National University of Sciences and Technology. All Rights Reserved.